Most Guessed Movies per Director Quiz Stats

 Plays Quiz Updated Dec 5, 2012

Challenge
Share
Tweet
Embed
Score 0/28 Timer 05:00
2 Plays Today
Director Most Guessed Movie % Correct
James CameronAvatar
91.7%
Quentin TarantinoPulp Fiction
84.5%
Alfred HitchcockPsycho
82.2%
Steven SpielbergE.T. The Extra-Terrestial
77.9%
Christopher NolanThe Dark Knight
70.4%
M. Night ShyamalanThe Sixth Sense
66.6%
Woody AllenAnnie Hall
55.4%
Coen BrothersFargo
54.7%
Orson WellesCitizen Kane
53.9%
Clint EastwoodDirty Harry
52.1%
Stanley KubrickA Clockwork Orange
50.1%
Mel BrooksBlazing Saddles
49.5%
Martin ScorseseThe Departed
47.6%
John HughesThe Breakfast Club
45.4%
Director Most Guessed Movie % Correct
Ang LeeBrokeback Mountain
41.9%
Wes CravenA Nightmare on Elm Street
40%
Spike LeeDo the Right Thing
34.8%
Cameron CroweAlmost Famous
33.7%
John CarpenterHalloween
33.3%
Ron HowardApollo 13
32.1%
David FincherFight Club
29.9%
David LynchBlue Velvet
29.6%
Robert ZemeckisBack to the Future
27.5%
Wes AndersonThe Grand Budapest Hotel
24.6%
Steven SoderberghOcean's Eleven
22.1%
Gus Van SantGood Will Hunting
21%
Terry GilliamMonty Python and the Holy Grail
20.1%
Tony ScottTop Gun
17.9%

You're not logged in!

Compare scores with friends on all Sporcle quizzes.
OR
Log In

You Might Also Like...

Show Comments

Extras

Top Quizzes Today


Score Distribution

Your Account Isn't Verified!

In order to create a playlist on Sporcle, you need to verify the email address you used during registration. Go to your Sporcle Settings to finish the process.

Report this User

Report this user for behavior that violates our Community Guidelines.

Details: